Interactive spatial data analysis /

Guardado en:
Autor Principal: Bailey, Trevor C., 1953-
Otros Autores: Gatrell, Anthony C.
Formato: Libro
Idioma:English
Publicado: Harlow Essex, England : New York, NY : Longman Scientific & Technical ; J. Wiley, 1995.
Materias:
Etiquetas: Agregar Etiqueta
Sin Etiquetas, Sea el primero en etiquetar este registro!
LEADER 00657nam a22001695a 4500
001 EEA.libagro007175
005 20180604095513.0
008 130809s1995####nyua##########000#0#eng#d
020 |a 0582244935 
082 0 4 |a 519.5 
100 1 |a Bailey, Trevor C.,  |d 1953- 
245 1 0 |a Interactive spatial data analysis /  |c Trevor C. Bailey, Anthony C. Gatrell. 
260 |a Harlow Essex, England :  |b Longman Scientific & Technical ;  |a New York, NY :  |b J. Wiley,  |c 1995. 
300 |a xiv, 413 p. :  |b il., mapas ;  |c 24 cm. +  |e 1 diskette (3 1/2 in.) 
653 |a Análisis espacial (Estadística) 
700 1 |a Gatrell, Anthony C. 
859 |a AR-BbBCA  |b BIB. AGRONOMIA  |h 519.5  |i B156  |p 2004/4546